000 00369nam a2200169 a 4500
005 20140414093834.0
008 030610s19uu xx 00 eng d
050 _aCD 530
_bR #01
245 _aMultimedia Physics 1 & 2.
942 _cAVM
999 _c108920
_d108920